Statistics for Real Madrid Top Scorers

Click here to take the quiz!

General Stats

  • This quiz has been taken 120 times
  • The average score is 11 of 25

Answer Stats

CountryGoalsPlayer (Answer)% Correct
Portugal450Cristiano Ronaldo
100%
France341Karim Benzema
96%
Brazil103Ronaldo
96%
Hungary201Ferenc Puskas
89%
Spain323Raul
89%
Spain269Alfredo di Stefano
84%
Wales106Gareth Bale
84%
Mexico197Hugo Sanchez
69%
Spain101Sergio Ramos
64%
Argentina121Gonzalo Higuain
56%
Spain100Fernando Morientes
38%
Spain168Emilio Butragueno
36%
Spain126Fernando Hierro
34%
Spain161Paco Gento
28%
Spain77Guti
23%
Spain253Santillana
19%
Chile101Ivan Zamorano
17%
Spain128Michel
8%
Spain142Amancio
7%
Spain109Juanito
6%
Spain111Pahino
5%
Spain74Hector Rial
4%
Spain101Luis Molowny
2%
Spain150Pirrl
0%
Spain84Sabino Barinaga
0%

Score Distribution

Percentile by Number Answered

Percent of People with Each Score

Your Score History

You have not taken this quiz